| 000 | 01470 a2200277 4500 | ||
|---|---|---|---|
| 001 | 41987 | ||
| 005 | 20260407155710.0 | ||
| 008 | 260407a1982 arg spa d | ||
| 003 | AR-UNSa-BCEJYS | ||
| 040 |
_aAR-UNSa-BCEJYS _bspa _cAR-UNSa-BCEJYS |
||
| 080 |
_a330.101 _xCiencia económica en general. La economía y sus problemas. Objeto y métodos de la economía política |
||
| 245 | 1 | 0 | _aIntroducción a la economía moderna |
| 020 | _a968-16-1398-8 | ||
| 250 | _a2a. ed. | ||
| 264 | 1 |
_aMéxico : _bFondo de Cultura Económica _c1982 |
|
| 300 |
_a400 p. _c23 cm. |
||
| 505 | _aLibro Primero: Doctrinas económicas: 1. Antes de Adam Smith - 2. Economía política clásica - 3. La era neoclásica - Libro Segundo: Análisis: 1. Tierra y trabajo - 2. Hombres y máquinas - 3. Demanda efectiva - 4. Cambio tecnológico - 5. Mercancías y precios - 6. Tasas de beneficio - 7. Ingresos y demandas - 8. Financiación - 9. Crecimiento: empresas, industrias y naciones - 10. Relaciones económicas internacionales - 11. Planificación socialista - Libro Tercero: Problemas modernos - 1. Naciones capitalistas - 2. Estados socialistas - 3. El tercer mundo | ||
| 041 | _aspa | ||
| 942 | _cBK | ||
| 590 | _aniveau_biblio:m niveau_hierar:0 | ||
| 100 | 1 | _aSuárez, Marcial | |
| 700 | 1 | _aEatwell, John | |
| 700 | 1 | _aRobinson, Joan | |
| 700 | 1 | _aBru Parra, Segundo | |
| 856 | 4 | 1 |
_uhttps://biblioeco.unsa.edu.ar/pmb/images/libros/L39785.jpg _yImagen de portada _qimage/jpeg |
| 999 |
_c3552 _d3552 |
||